Art of Innovation: Lessons in Creativity from IDEO (Record no. 83640)

MARC details
000 -LEADER
fixed length control field 00457nam a22001817a 4500
005 - DATE AND TIME OF LATEST TRANSACTION
control field 20240925153229.0
008 - FIXED-LENGTH DATA ELEMENTS--GENERAL INFORMATION
fixed length control field 221212b |||||||| |||| 00| 0 eng d
020 ## - INTERNATIONAL STANDARD BOOK NUMBER
International Standard Book Number 9780385499842
041 ## - LANGUAGE CODE
Language code of text/sound track or separate title eng
082 ## - DEWEY DECIMAL CLASSIFICATION NUMBER
Item number KEL
Classification number 745.4
100 ## - MAIN ENTRY--PERSONAL NAME
Author Kelley Tom
245 ## - TITLE STATEMENT
Title Art of Innovation: Lessons in Creativity from IDEO
260 ## - PUBLICATION, DISTRIBUTION, ETC.
Place of publication, distribution, etc. New York
Name of publisher, distributor, etc. Currency
Date of publication, distribution, etc. 2000
300 ## - PHYSICAL DESCRIPTION
Extent 307
365 ## - TRADE PRICE
Price amount 1139.00
Currency code Rs.
650 ## - SUBJECT ADDED ENTRY--TOPICAL TERM
Topical term or geographic name entry element Design
942 ## - ADDED ENTRY ELEMENTS (KOHA)
Koha item type Books
Holdings
Withdrawn status Lost status Source of classification or shelving scheme Damaged status Not for loan Home library Current library Date acquired Vendor Net Price Bill number Total Checkouts Full call number Barcode Date last seen Date last checked out Actual Price Bill Date Koha item type Original Barcode
    Dewey Decimal Classification     School of Fashion Technology School of Fashion Technology 26/11/2022 Amazon 1139.00 BLR-240762 2 745.4 KEL SOFT-BK-4082 30/01/2023 19/01/2023 1599.00 19/11/2022 Books 004082